| 000 | 00686cam a2200217 a 4500 | ||
|---|---|---|---|
| 001 | 000003779 | ||
| 005 | 20200929150551.0 | ||
| 008 | 851115s1986 ag 000 1 spa | ||
| 020 | _a9500704072 | ||
| 040 |
_aDO-SdBNP _bspa _cBNPHU |
||
| 082 |
_a813.54 _bM621h |
||
| 100 | 1 |
_aMichael, Judith. _911498 |
|
| 240 | 1 | 0 |
_aPrivate affairs. _lEspañol |
| 245 | 1 | 0 |
_aHistorias privadas / _cJudith Michael ; traducción, Graciela Rey. |
| 260 |
_aBuenos Aires : _bSudamericana, _c1986. |
||
| 300 |
_a546 p. ; _c19 cm. |
||
| 534 |
_pTítulo original: _tPrivate affairs |
||
| 650 | 4 |
_aNovela estadounidense _9262 |
|
| 650 | 4 |
_aLiteratura estadounidense _9263 |
|
| 700 | 1 |
_aRey, Graciela, _etr. _911499 |
|
| 999 |
_c3601 _d3601 |
||